| 000 | 00632nam a2200169 a 4500 | ||
|---|---|---|---|
| 008 | 080915s2007 ||||||||||||||||| || u | ||
| 050 | _aIBRD(08) | ||
| 100 | _aYusuf, Shahid | ||
| 245 | 1 | 0 | _aFrom creativity to innovation |
| 260 |
_aWashington, D. C. _bWorld Bank _c2007 |
||
| 300 | _a18p. ;ill. | ||
| 350 | _a0.00 | ||
| 490 | _aWorld Bank policy research working papers | ||
| 650 | 7 |
_aINNOVATION _2gnd |
|
| 650 | _aCREATIVITY TO INNOVATION--RESEARCH | ||
| 995 |
_D0.00 _FCBU-MAIN LIBRARY (Kitwe) _H1 _I0.00 _M1 _UAVAILABLE _WSep 15, 2008 _ZInternational Publications |
||
| 999 |
_c44009 _d44009 |
||